| 000 | 00930cam a22002411i 4500 | ||
|---|---|---|---|
| 003 | SA-RiAUC | ||
| 005 | 20241008133448.0 | ||
| 008 | 241006s1990 ||| g 000 0 ara c | ||
| 040 |
_aJO-MaAABU _bara _cSA-RiAUC _erda |
||
| 050 | 0 | _bH8788 1990 | |
| 082 | 0 | 4 | _a210.2 |
| 090 |
_a210.2 _bح س ن |
||
| 100 | 1 |
_aالحسني، محمد بن علوي المالكي، _d1367-1425 هجري _eمؤلف. |
|
| 245 | 1 | 0 |
_aشرف الأمة المحمدية / _cتأليف محمد بن علوي المالكي الحسني. |
| 264 | 1 |
_a[مكان النشر غير محدد] : _b[الناشر غير محدد]، _c1990 |
|
| 300 |
_a277 صفحة ؛ _c24 سم . |
||
| 336 |
_aنص _btxt _2rdacontent _3كتاب |
||
| 337 |
_aبدون وسيط _bn _2rdamedia |
||
| 338 |
_aمجلد _bnc _2rdacarrier |
||
| 650 | 7 |
_aالإسلام _vمتفرقات _2aucsh |
|
| 942 |
_2ddc _cBOOK _n0 |
||
| 949 |
_aSA-JeALM _d241006 _umohamedma123 _n1 |
||
| 999 |
_c1025 _d1025 |
||